000 01939nam a2200397 i 4500
001 195534
003 SpMaBN
005 20250712063142.0
008 240619s2000 sp | ||| ||spa
016 7 _abimoBNE20010313401
_2SpMaBN
017 _aM 25241-2000
_bOficina Depósito Legal Madrid
020 _a8473562135
035 _a(OCoLC)44726889
040 _aSpMaBN
_bspa
_cSpMaBN
_erdc
_dES-MaACL
080 _a659.158
080 _a659:334.7
100 1 _aValencia López, Víctor
_0XX1232202
_9237153
_eaut
245 1 0 _aEscaparatismo e imagen comercial /
_cVíctor Valencia López
260 _aPozuelo de Alarcón (Madrid) :
_bESIC,
_c2000.
300 _a218 páginas :
_bilustrado ;
_c24 cm
336 _2rdacontent
_atexto
337 _2rdamedia
_asin mediación
338 _2rdacarrier
_avolumen
520 _aEl punto de venta debe ser entendido como un espacio global en el que todos los medios técnicos y humanos deben estar al servicio del posicionamiento de su imagen pública. Esta obra analiza de forma pormenorizada en qué medida y de qué manera estos recursos han de ser aplicados en el exterior del establecimiento transmitiendo al potencial cliente una imagen percibida que identifique el estilo de vida en el que se encuadra la oferta comercial.
594 _aTítulo de la cubierta: Escaparatismo e imagen comercial exterior
650 0 _aEscaparatismo
_2embne
_9237154
650 0 _aImagen corporativa
_2embne
_9237146
740 0 1 _aEscaparatismo e imagen comercial exterior.
852 _aES-MaACL
_cDEPOJ
_jN-10040
_hDonación: Helena de la Joya
_xEncuadernación rústica
_9206188
942 _cMONOGRAFIA
_n0
999 _c195534
_d195534